000 00535nam a2200217Ia 4500
003 0100
008 130303s9999 xx 000 0 und d
040 _cARRUPELIB
050 _aBS471.M87 1971
245 _aTheology, exegesis, and proclamation
260 _aNew York
260 _bHerder and Herder
260 _C1971
300 _a143p.
300 _b 23 cm.
650 _aBIBLE
650 _bShona (African people) -- Folklore
650 _cFolklore--Classification
700 _aMurphy, Roland (ed.)
942 0 0 _01
999 _c33105
_d33105